LEADER 02319oam 2200361z- 450 001 9910164102403321 005 20210111164325.0 010 $a0-19-066860-1 035 $a(CKB)3710000001056814 035 $a(MiAaPQ)EBC4806716 035 $a(EXLCZ)993710000001056814 100 $a20170306c2017uuuu -u- - 101 0 $aeng 181 $ctxt$2rdacontent 182 $cc$2rdamedia 183 $acr$2rdacarrier 200 10$aMigrant, refugee, smuggler, savior /$fPeter Tinti and Tuesday Reitano 210 1$aNew York, NY :$cOxford University Press,$d2017. 215 $a1 online resource 311 $a0-19-066859-8 327 $aSmugglers needed. Options in exile ; Seeking asylum : rights and privileges ; Smuggler or savior -- Smugglers Inc. A transnational crime ; The business model of human smuggling -- Structure and design. In on the ground floor ; The logisticians ; Moving money ; Forging a new identity -- Routes. Central Mediterranean route ; Aegean route through Turkey -- Libya : out of Africa. Criminal economies in Libya and the greater Sahara ; Syrian dollars on Libyan shores ; Mare Nostrum changes the game ; Extortion and abuse -- Egypt : the north coast. The long trip to Italy ; Cooperation and complicity -- Desert highway : Agadez and the Sahel. Understanding the Sahel ; Niger, Agadez, and the West ; New masters ; Everybody is eating -- Turkey : the crossroads. Izmir ; The mob : criminal markets consolidation ; The $6 billion question -- Schengen and beyond. Cracks in the fortress ; Greek tragedy ; Balkan odyssey ; Dead ends of Europe -- The world we live in ; Postcards from the front ; Wider ramifications ; Closing an industry : supply and demand ; Messaging to the market ; Diplomatic solutions ; Vested interests ; On the demand side. 330 $aWhen states, charities, and NGOs either ignore or are overwhelmed by movement of people on a vast scale, criminal networks step into the breach. This book explains what happens next. 606 $aHuman smuggling 606 $aRefugees$zEurope 615 0$aHuman smuggling. 615 0$aRefugees 676 $a364.1/37 700 $aTinti$b Peter$01246506 702 $aReitano$b Tuesday 906 $aBOOK 912 $a9910164102403321 996 $aMigrant, refugee, smuggler, savior$92890191 997 $aUNINA LEADER 01717nas 2200553-a 450 001 9910502710403321 005 20260218111754.0 035 $a(OCoLC)692059636 035 $a(CKB)110992357364156 035 $a(CONSER)--2020204381 035 $a(DE-599)2977969-8 035 $a(EXLCZ)99110992357364156 100 $a20101211a19829999 --- a 101 0 $aeng 135 $aurbn||||||abp 135 $aurbn||||||ada 181 $ctxt$2rdacontent 182 $cc$2rdamedia 183 $acr$2rdacarrier 200 00$aNordic concrete research /$fedited by the Nordic Concrete Federation, concrete association of: Denmark, Finland, Iceland, Norway, Sweden 210 1$aOslo :$cNordic Concrete Federation,$d1982- 210 31$aPoland :$cSciendo 215 $aonline resource 300 $aRefereed/Peer-reviewed 311 08$a0800-6377 320 $aIncludes bibliographical references. 517 1 $aNCR 531 1 $aNord. Concr. Res. 606 $aConcrete$vPeriodicals 606 $aConcrete$xResearch$zScandinavia$vPeriodicals 606 $aBéton$xRecherche$zScandinavie 606 $aBéton$vPériodiques 606 $aConcrete$2fast$3(OCoLC)fst00874126 606 $aConcrete$xResearch$2fast$3(OCoLC)fst00874212 607 $aScandinavia$2fast 608 $aPeriodicals.$2fast 608 $aPeriodicals.$2lcgft 615 0$aConcrete 615 0$aConcrete$xResearch 615 6$aBéton$xRecherche 615 6$aBéton 615 7$aConcrete. 615 7$aConcrete$xResearch. 676 $a620.1/36/05 712 02$aNordic Concrete Federation, 906 $aJOURNAL 912 $a9910502710403321 996 $aNordic concrete research$91891204 997 $aUNINA